Risk Management for Cryptocurrency Portfolios /

Збережено в:
Бібліографічні деталі
Інші автори: Yifan He (autor) (autor)
Формат: Книга
Мова:Англійська
Опубліковано: Berlín, Alemania : De Gruyter Brill, 2025, c2025
Онлайн доступ:Ver documento en línea
Теги: Додати тег
Немає тегів, Будьте першим, хто поставить тег для цього запису!

MARC

LEADER 00000nam^a22000000a04500
001 000631116
005 20260415000000.0
009 20260415155821.361
020 |a 9781501517136 
037 |a Acervo ITESO - Biblioteca 
041 |a ING 
082 |a Libro en línea 
245 0 0 |a Risk Management for Cryptocurrency Portfolios / 
264 4 |a Berlín, Alemania :  |b De Gruyter Brill,  |c 2025, c2025 
264 2 |a Berlín, Alemania :  |b De Gruyter Brill [distribución],  |c 2026 
300 |a 1 libro electrónico en línea ( p.) 
300 |a 1 recurso en línea 
336 |a datos para computadora  |b cod  |2 rdacontenido 
337 |a computadora  |b c  |2 rdamedio 
338 |a recurso en línea  |b cr  |2 rdasoporte 
506 0 |a Licencias ilimitadas 
521 |a De Gruyter Brill 2026 EEnlace Departamento de Matemáticas y Física 
567 |a Catalogación rápida 
649 |a XX 
700 |a Yifan He  |e (autor) 
856 4 0 |u https://ezproxy.iteso.mx/login?qurl=https://doi.org/10.1515/9781501517136  |y Ver documento en línea 
910 |a Fondo General 
920 |a Electrónicos - Libros en Línea 
930 |a Plataforma Digital 
905 |a 205 
902 |a https://opac.biblio.iteso.mx/vufind/Record/000631116